LDR 01055naa#a2200193#i#450# 001 RU\\bibl\20299 005 20260701110309.3 100 ## _a20260630b2026####ek#y0rusy0150####ca 102 ## _aRU 200 1# _aРАЗРАБОТКА ИНФОРМАЦИОННОЙ СИСТЕМЫ ОПРЕДЕЛЕНИЯ РАБОЧИХ ХАРАКТЕРИСТИК ЭЛЕКТРОННЫХ КОМПОНЕНТОВ _eСтатья/тезисы конференции 210 1# _aВоронеж _cВоронежский государственный лесотехнический университет имени Г.Ф. Морозова _d2026 215 ## _a4 с. 608 ## _aСтатья/тезисы конференции _2local 675 ## _aИнформационные технологии. Компьютерные технологии. Теория вычислительных машин и систем. 004 _z 700 #1 _aАлфимов _gА. В. 700 #1 _aАвилова _gО. А. 700 #1 _aЯгодкина _gИ. Е. 700 #1 _aБудовская _gГ. И. 856 4# _abibl.vgltu.ru _u